000
00264nam a22000977a 4500
999
_c
11512
_d
11512
008
190531b ||||| |||| 00| 0 eng d
020
_a
9788183507417
100
_a
Agarwal Archana
_9
6854
245
_a
Information Practices-XII
260
_a
New Delhi
_b
Sultan Chand
_c
2019